000 00362nam a2200133Ia 4500
008 240624s9999 xx 000 0 und d
041 _aeng
082 _a340.04 RAM
100 _aRAMAPPA T
245 _aCOMPETITION LAW IN INDIA POLICY ISSUES A
260 _c2009
_aNew Delhi
_bOxford University press
300 _axxii, : 398 : p. : cm. ; 21
365 _cRS
_b30
999 _c14563
_d14563